000
00351nam a2200133Ia 4500
008
231129s9999||||xx |||||||||||||| ||spa||
020
_a
84-7672-614-7
040
_b
spa
082
_a
F841 A643p
100
_a
Apollinaire Guillaume
245
0
_a
Poemas selectos
264
_a
Edicomunicación
942
_2
ddc
_c
BKS
999
_c
22927
_d
22927